| 000 | 00763naa a22002297u 4500 | ||
|---|---|---|---|
| 001 | 17077 | ||
| 003 | HDC | ||
| 007 | cr bn ---aaaaa | ||
| 008 | 210222t201405 xx 000 0 eng | ||
| 040 | _aHDC | ||
| 245 | 0 | _aDubai as the world's capital of Islamic economy | |
| 260 |
_a[No place] : _b[publisher not identified], _c[no year] |
||
| 336 |
_atext _2rdacontent |
||
| 337 |
_acomputer _2rdamedia |
||
| 338 |
_aonline resource _2rdacarrier |
||
| 650 |
_aIslam _xEconomic aspects _91979 |
||
| 650 |
_aIslamic ethics _9277 |
||
| 856 | _zRequest full-text at [email protected] | ||
| 942 | _2lcc | ||
| 942 | _cEIJ | ||
| 942 | _kEMAG 000593 | ||
| 999 |
_c14393 _d14393 |
||